000 01008nam a22002535i 4500
001 167252
003 ES-MaACL
005 20250818063105.0
008 050922q1874 fr a |||| | fre d
040 _aCAM
_bspa
_cCAM
080 _a821.133.1-31"18"
100 1 _aVerne, Jules,
_d1828-1905
_9188654
245 1 2 _aL'Ile mystérieuse /
_cpar Jules Verne ; illustrée de 154 dessins par Férat, gravés par Barbant.
260 _aParis :
_bJ. Hetzel et C.,
_c[1874?]
300 _a616 p. :
_bil. ;
_c27 cm.
490 1 _aBibliothèque d'éducation et de récréation
500 _aPrecede al tít.: Les voyages extraordinaires.
596 _aLa BNP-Opale plus lo fecha ca. 1874.
700 1 _aFérat, Jules,
_d1829-1906
_9138633
700 0 _aBarbant, Charles.
_925381
830 0 0 _aBibliothèque d'éducation et de récréation
_9188119
852 _aES-MaACL
_jC-2113
_z-- Enc. ed. en tela verde con planchas en hierros dorados
_z-- Legado de M. de la Fuente
999 _c167252
_d167252